Obscure Trivia #1 - Statistics

General Stats
  • This quiz has been taken 99 times
  • The average score is 7 of 20
Answer Stats
Question Answer % Correct
Which is NOT actually a berry, based on botanical classification? Strawberry
71%
Which creature has three hearts? Octopus
64%
The first known evidence of human dentistry dates from around what year? 7000 BCE
50%
The Statue of Liberty once functioned as a … Lighthouse
50%
Certain of these creatures can hibernate for up to three years. Snails
50%
In this country, women give chocolate to men on Valentine’s Day, but men do not typically give gifts. South Korea
50%
The U.S. government gave the University of Indiana $1 million to study … Internet memes
43%
In Switzerland, it is illegal to … Own just one guinea pig
43%
How many U.S. states have one-syllable names? 1
36%
For a brief period in 1934 and 1935, the U.S. printed $100,000 bills. Whose portrait appeared on the front of the bills? Woodrow Wilson
36%
How many time zones does China have? 1
29%
The Anglo-Zanzibar War (1896) is the shortest in history. How long did it last? 38 minutes
29%
What was this symbol (#) called at Bell Labs in the late 1960s and early 1970s? Octothorpe
29%
The mercury-in-glass thermometer was invented in 1714. What was used to fill thermometers before that? Brandy
21%
The inspiration for having celebrities leave handprints and footprints in the sidewalk outside Grauman’s Chinese Theatre in Hollywood was an accident that befell this celebrity. Norma Talmadge
21%
In the U.S., it is nearly always a federal crime to … Share your Netflix password
21%
The witches in Shakespeare’s Macbeth add “eye of newt” to their cauldron. What are they referring to? Mustard seed
14%
Which is the only planet in our solar system that spins clockwise? Venus
14%
This crime family boss, nicknamed “The Oddfather” by the press, feigned insanity by walking around in public in his bathrobe and muttering to himself. Vincent Gigante
14%
Cows belonging to the late Queen Elizabeth II … Slept on waterbeds
0%
No matching quizzes found
Score Distribution
Percent of People with Each Score
Percentile by Number Answered
Your Score History
You have not taken this quiz